[Event "Toronto NAYCC U14"]
[Site "Toronto"]
[Date "2013.08.15"]
[Round "3"]
[White "Saha, Ananda"]
[Black "Song, Eric"]
[Result "0-1"]
[WhiteElo "1806"]
[BlackElo "1759"]
[PlyCount "122"]
[EventDate "2013.08.14"]
[EventType "swiss"]
[EventRounds "9"]
[EventCountry "CAN"]
[SourceTitle "EXT 2022"]
[Source "ChessBase"]
[SourceDate "2021.10.06"]
[SourceVersion "1"]
[SourceVersionDate "2021.10.06"]
[SourceQuality "1"]

1. d4 Nf6 2. c4 e6 3. Nc3 Bb4 4. e3 b6 5. Nge2 Bb7 6. a3 Bxc3+ 7. Nxc3 d5 8. cxd5 Nxd5 9. Bb5+ c6 10. Ba4 0-0 11. 0-0 Nd7 12. e4 Nxc3 13. bxc3 c5 14. Bc2 Rc8 15. Be3 f5 16. exf5 exf5 17. f3 f4 18. Bf2 c4 19. Re1 Nf6 20. Bf5 Rc7 21. Be6+ Kh8 22. Re5 Bd5 23. Bxd5 Nxd5 24. Qc2 b5 25. Rae1 Kg8 26. R1e4 Rd7 27. Qc1 h6 28. Qe1 Qa5 29. Re8 Rd8 30. Rxd8 Qxd8 31. Bh4 g5 32. Bf2 Qa5 33. Re5 Nc7 34. h4 Qxa3 35. hxg5 Qd6 36. Qe4 Rf7 37. d5 hxg5 38. Rxg5+ Kf8 39. Rg6 Qxd5 40. Qb1 a5 41. Rh6 Qe5 42. Bd4 Qf5 43. Rh8+ Ke7 44. Qe1+ Ne6 45. Ra8 a4 46. Qh4+ Kd6 47. Ra6+ Kd5 48. Bf2 Qb1+ 49. Be1 Qf5 50. Qf2 Rb7 51. Qe2 Nc5 52. Ra8 Qd3 53. Rd8+ Rd7 54. Qxd3+ cxd3 55. Rb8 Kc4 56. Bd2 a3 57. Ra8 Na4 58. Rc8+ Kb3 59. Rb8 a2 60. Rxb5+ Kc2 61. Bxf4 a1Q+ 0-1

[Event "Toronto NAYCC U14"]
[Site "Toronto"]
[Date "2013.08.14"]
[Round "1"]
[White "Song, Eric"]
[Black "Roque Sola, Jose Luis"]
[Result "1/2-1/2"]
[WhiteElo "1759"]
[BlackElo "1747"]
[PlyCount "61"]
[EventDate "2013.08.14"]
[EventType "swiss"]
[EventRounds "9"]
[EventCountry "CAN"]
[SourceTitle "EXT 2022"]
[Source "ChessBase"]
[SourceDate "2021.10.06"]
[SourceVersion "1"]
[SourceVersionDate "2021.10.06"]
[SourceQuality "1"]

1. e4 e6 2. d4 d5 3. Nc3 Nf6 4. Bg5 dxe4 5. Nxe4 Be7 6. Bxf6 Bxf6 7. Nf3 b6 8. c3 Bb7 9. Bd3 Nd7 10. Qc2 Qe7 11. 0-0-0 g6 12. h4 Bg7 13. Rde1 0-0-0 14. Kb1 h6 15. Re2 Rhe8 16. Rd1 Nf6 17. Ne5 Nxe4 18. Bxe4 Bxe5 19. Bxb7+ Kxb7 20. Rxe5 Qxh4 21. Qe2 Qe7 22. d5 Qd7 23. Re1 c6 24. c4 cxd5 25. cxd5 Rc8 26. f4 Qc7 27. Qe4 Kb8 28. dxe6 Rxe6 29. Rxe6 fxe6 30. Qxg6 Qxf4 31. Qxe6 1/2-1/2

[Event "Scarborough CC Falling Leaves U1800"]
[Site "Toronto"]
[Date "2011.11.03"]
[Round "1"]
[White "Wang, Eric1111"]
[Black "Song, Eric"]
[Result "0-1"]
[WhiteElo "1501"]
[BlackElo "1661"]
[PlyCount "76"]
[EventDate "2011.11.03"]
[EventType "swiss"]
[EventRounds "7"]
[EventCountry "CAN"]
[SourceTitle "EXT 2022"]
[Source "ChessBase"]
[SourceDate "2021.10.06"]
[SourceVersion "1"]
[SourceVersionDate "2021.10.06"]
[SourceQuality "1"]

1. d4 Nf6 2. c4 e6 3. Nf3 b6 4. g3 Bb7 5. Bg2 d5 6. Nc3 c6 7. Bf4 Nbd7 8. cxd5 exd5 9. 0-0 Be7 10. Rc1 0-0 11. Qc2 Re8 12. Rfd1 Rc8 13. Qa4 a5 14. Qc2 Ba6 15. Ne5 Nxe5 16. Bxe5 Nd7 17. Bf4 Nf6 18. a3 Nh5 19. Bh3 Nxf4 20. Bxc8 Qxc8 21. gxf4 Qg4+ 22. Kh1 Qxf4 23. Rg1 Bh4 24. e3 Qf6 25. Rg4 Qf3+ 26. Rg2 Bc8 27. Qd1 Qf6 28. f4 Bh3 29. Rgc2 Rxe3 30. Re2 Qxf4 31. Rxe3 Qxe3 32. Qe2 Qxc1+ 33. Nd1 Be6 34. Kg2 Qg5+ 35. Kh1 Qg4 36. Qd2 Qf3+ 37. Kg1 Bh3 38. Qc2 Qf1# 0-1

[Event "Scarborough CC Howard Ridout U1800"]
[Site "Toronto"]
[Date "2011.10.27"]
[Round "6"]
[White "Gillis, Doug"]
[Black "Song, Eric"]
[Result "1/2-1/2"]
[WhiteElo "1589"]
[BlackElo "1635"]
[PlyCount "67"]
[EventDate "2011.09.08"]
[EventType "swiss"]
[EventRounds "6"]
[EventCountry "CAN"]
[SourceTitle "EXT 2022"]
[Source "ChessBase"]
[SourceDate "2021.10.06"]
[SourceVersion "1"]
[SourceVersionDate "2021.10.06"]
[SourceQuality "1"]

1. d4 d5 2. Nc3 Nf6 3. Bg5 Nc6 4. Bxf6 exf6 5. e3 a6 6. Bd3 Be6 7. Nge2 Qd7 8. Nf4 Bb4 9. 0-0 h6 10. Nxe6 Qxe6 11. Qf3 Rd8 12. Ne2 0-0 13. Nf4 Qd7 14. Nh5 Bd6 15. a3 Ne7 16. Ng3 c6 17. Nf5 Bc7 18. Nxe7+ Qxe7 19. Rfe1 Rfe8 20. e4 Qd6 21. g3 dxe4 22. Rxe4 Rxe4 23. Qxe4 g6 24. Bc4 f5 25. Qe2 Qxd4 26. Re1 Bb6 27. c3 Qd6 28. Qe7 Qxe7 29. Rxe7 Rd2 30. Rxb7 Rxb2 31. Rxf7 Kh8 32. Rf8+ Kg7 33. Rf7+ Kh8 34. Rf8+ 1/2-1/2

[Event "Scarborough CC Howard Ridout U1800"]
[Site "Toronto"]
[Date "2011.09.15"]
[Round "2"]
[White "Song, Eric"]
[Black "Bellissimo, Joseph F"]
[Result "0-1"]
[WhiteElo "1616"]
[BlackElo "1895"]
[PlyCount "98"]
[EventDate "2011.09.08"]
[EventType "swiss"]
[EventRounds "6"]
[EventCountry "CAN"]
[SourceTitle "EXT 2022"]
[Source "ChessBase"]
[SourceDate "2021.10.06"]
[SourceVersion "1"]
[SourceVersionDate "2021.10.06"]
[SourceQuality "1"]

1. e4 e6 2. d4 d5 3. Nc3 Nf6 4. e5 Nfd7 5. Bd3 c5 6. Bb5 Nc6 7. Nf3 Qb6 8. Be3 a6 9. Bxc6 bxc6 10. dxc5 Qxb2 11. Bd4 Qb4 12. 0-0 Bxc5 13. Ne2 0-0 14. Qd3 Be7 15. Nf4 c5 16. Be3 Qb8 17. Rab1 Qc7 18. Qc3 Bb7 19. Nh5 Qc6 20. Qd2 f6 21. Bf4 d4 22. h4 Nxe5 23. Rxb7 Nxf3+ 24. gxf3 Qxb7 25. Qe2 Qd5 26. Ng3 Bd6 27. Bxd6 Qxd6 28. Kh1 Rfe8 29. Kg1 Qf4 30. Kg2 Qxh4 31. Rh1 Qg5 32. Qe4 Qg6 33. Qe2 Rac8 34. Qc4 Rc6 35. Kf1 Rb8 36. Kg2 Rb2 37. Rc1 h5 38. Qa4 Rcb6 39. Rh1 f5 40. f4 R2b4 41. Qd7 Qf7 42. Qd8+ Qf8 43. Qg5 Qa8+ 44. f3 Rb2 45. Rxh5 Rxc2+ 46. Kh3 Rbb2 47. Nf1 Qxf3+ 48. Kh4 Rh2+ 49. Nxh2 Rxh2# 0-1

[Event "Scarborough CC Spring Into Summer U1700"]
[Site "Toronto"]
[Date "2011.06.30"]
[Round "9"]
[White "Song, Eric"]
[Black "Azizi, Hamid"]
[Result "1/2-1/2"]
[WhiteElo "1488"]
[BlackElo "1388"]
[PlyCount "72"]
[EventDate "2011.04.28"]
[EventType "swiss"]
[EventRounds "9"]
[EventCountry "CAN"]
[SourceTitle "EXT 2022"]
[Source "ChessBase"]
[SourceDate "2021.10.06"]
[SourceVersion "1"]
[SourceVersionDate "2021.10.06"]
[SourceQuality "1"]

1. e4 d6 2. d4 Nf6 3. Nc3 g6 4. Nf3 Bg7 5. Be2 Nbd7 6. 0-0 a6 7. Re1 b5 8. a3 c5 9. Bg5 b4 10. axb4 cxb4 11. Bxf6 Nxf6 12. Nd5 Nxd5 13. exd5 0-0 14. Qd2 Bf5 15. Bxa6 Qb6 16. Bd3 Bg4 17. Be2 Bxf3 18. Bxf3 Rxa1 19. Rxa1 Bxd4 20. Rb1 Ra8 21. g3 Ra2 22. b3 Qc5 23. Be4 f5 24. Bd3 Bg7 25. Qe2 Kf8 26. Bc4 Ra1 27. Rxa1 Bxa1 28. Qd2 Kg7 29. Qe2 Kf8 30. Qd2 Bd4 31. h4 Be5 32. Kg2 Bc3 33. Qh6+ Kg8 34. Qf4 Be5 35. Qd2 Bc3 36. Qe2 Kf8 1/2-1/2

[Event "Scarborough CC Spring Into Summer U1700"]
[Site "Toronto"]
[Date "2011.06.16"]
[Round "7"]
[White "Song, Eric"]
[Black "Liao, Jacky"]
[Result "0-1"]
[WhiteElo "1488"]
[BlackElo "1222"]
[PlyCount "88"]
[EventDate "2011.04.28"]
[EventType "swiss"]
[EventRounds "9"]
[EventCountry "CAN"]
[SourceTitle "EXT 2022"]
[Source "ChessBase"]
[SourceDate "2021.10.06"]
[SourceVersion "1"]
[SourceVersionDate "2021.10.06"]
[SourceQuality "1"]

1. e4 d6 2. d4 Nf6 3. Nc3 g6 4. Nf3 Bg7 5. Be2 0-0 6. 0-0 e5 7. Bg5 Nc6 8. Qd2 exd4 9. Nxd4 Nxd4 10. Qxd4 Nxe4 11. Qxg7+ Kxg7 12. Bxd8 Nxc3 13. bxc3 Rxd8 14. Rfe1 Be6 15. Bf3 Rab8 16. a3 b5 17. Rab1 Bc4 18. Re7 Re8 19. Rxc7 a5 20. h3 Rbc8 21. Ra7 a4 22. Bg4 Rc5 23. Ra5 Rce5 24. Kh2 Re1 25. Rb2 R8e7 26. Ra8 Ra1 27. Rd8 Rxa3 28. Rxd6 Rxc3 29. Rd2 a3 30. Rb1 a2 31. Ra1 Ra7 32. f4 Ra4 33. Be2 Be6 34. Bd3 Rb4 35. Rdd1 Rxf4 36. Kg1 Rc5 37. Re1 Rb4 38. Rec1 Rb2 39. Kf1 Bf5 40. Ke2 b4 41. g4 Bxd3+ 42. Kxd3 b3 43. c4 Rh2 44. Kc3 b2 0-1